1335 1979 1954 1413 1308 1490 1793 1975 1262 1002 1924 1050 1058 1595 1428 1886 1758 1495 1085 1900 1596 1349 1392 1314 1676 1554 1038 1331 1707 1786 1424 1898 1535 1894 1301 1013 1181 1285 1687 1227 1917 1963 1385 1052 1220 1227 1509 1828 1518 1663 1514 1716 1039 1269 1600 1089 1276 1473 1345 1754 1363 1211 1105 1916 1759 1443 1255 1969 1159 1021 1733 1277 1162 1671 1275 1074 1404 1511 1323 1134 1005 1356 1736 1556 1562 1655 1688 1303 1682 1359 1398 1596 1718 1313 1534 1124 1023 1801 1804 BCNSPRNW ULIB Ver.6.0+V

เปลี่ยนเป็นภาษาไทย

Change to English
 แสดงรายละเอียดบรรณานุกรม
  กลับหน้าหลัก

Brief Record : Get Marc (ISO 2709) : E-mail record : QR code < ปิดหน้าต่าง
LEADER : 00000nam 2200000uu 4500
001    13399125976
003     ULIB
008    171124s2557||||th 000 0 tha d
020 97 ^a9789740332879
050 PE ^aPE1068.T35 ^bธ743ก
100 ธู ^aธูปทอง กว้างสวาสดิ์
245 กา ^aการสอนภาษาอังกฤษด้วยเทคโนโลยี /^cธูปทอง กว้างสวาสดิ์
260 กร ^aกรุงเทพฯ : ^bสำนักพิมพ์แห่งจุฬาลงกรณ์มหาวิทยาลัย, ^c2557.
300 27 ^a271 หน้า : ^bภาพประกอบ; ^c26 ซม.
650 ภา ^aภาษาอังกฤษ ^xการศึกษาและการสอน
650  0 ^aภาษาอังกฤษ ^xการสอนด้วยสื่อ
945    ^p240^l0^i25708
999    ^aกัณชพร จุลอักษร
รายการนี้ยังไม่มีแท็ก
คุณยังไม่ได้ล็อกอิน คุณสามารถมีกิจกรรมร่วมกับเว็บไซต์ได้ แต่ต้องล็อกอินก่อน ::
  ล็อกอิน

รายการสื่อสารสนเทศ

ลำดับที่ ประเภท เลขเรียก/บาร์โค้ด สถานที่ สถานะ
1. วิทยาศาสตร์การแพทย์ และสุขภาพ
วิทยาศาสตร์การแพทย์ และสุขภาพ
PE1068.T35 ธ743ก ฉ.1 
  Barcode: 25708
ห้องสมุดวิทยาเขตนครสวรรค์
►หนังสือทั่วไป:l:General Books
บนชั้น

รายการใกล้เคียง
    ผู้แต่ง [ธูปทอง กว้างสวาสดิ์]

    หัวเรื่อง [ภาษาอังกฤษ การสอนด้วยสื่อ]

BibComment


ยังไม่เคยถูกคอมเมนท์

คอมเมนท์ทรัพยากรรายการนี้
  คอมเมนท์: การสอนภาษาอังกฤษ..


 Copyright 2026. Bcnsprnw @Library